000 02080nam a2200397 i 4500
001 000038464
003 DO-SdBNP
005 20250925101038.0
007 ta
008 090701s2001 dr d r 001 0 spa d
020 _a9993430307
040 _aDO-SdBNP
_bspa
_cBNPHU
_erda
082 4 _a330.97293
_bC744n, 2000
_222
111 1 _aConcurso Biblioteca Juan Pablo Duarte
_96999
_d(2000 : Santo Domingo)
245 1 0 _aNueva literatura económica dominicana :
_bpremios del Concurso Biblioteca "Juan Pablo Duarte" 2000 /
_cFelipe Antonio Llaugel, Luis Scheker, Peter A. Prazmoski ; prólogo, José Luis Alemán.
264 _aSanto Domingo :
_bBanco Central de la República Dominicana,
_c2001.
300 _a99 páginas :
_bgraficos. ;
_c24 cm.
336 _2rdacontent
_atexto
_btxt
337 _2rdamedia
_asin mediacion
_bn
338 _2rdacarrier
_avolumen
_bnc
490 1 _aBanco Central de la República Dominicana
_v41
490 1 _aNueva literatura económica dominicana
_v4
500 _aIncluye referencias bibliográficas y notas al pie de las páginas.
504 _aBibliografía : p. 97
505 0 _aPrólogo --
_tAgradecimiento --
_tSistema proactivo de supervisión financiera /
_rFelipe Antonio Llaugel--
_tDemanda de salud en la República Dominicana :una estimación econométrica /
_rLuis Scheker --
_tUna nota sobre la crisis económicas y los programas de estabilización en la República Dominicana /
_rPeter A. Prazmoski .
590 _aInventariado, 2018/ YL
650 7 _aSalud pública
_zRepública Dominicana
_vCongresos, conferencias, etc.
_964807
650 7 _aCrisis económica
_zRepública Dominicana
_vCongresos, conferencias, etc.
_y1961-
_99159
651 0 _aRepública Dominicana
_xCondiciones económicas
_vCongresos, conferencias, etc.
_978065
651 0 _aRepública Dominicana
_xPolítica económica
_vCongresos, conferencias, etc.
_978065
700 1 2 _aAlemán, José Luis,
_eprólogo
_97046
700 1 2 _aScheke, Luis
_964809
700 1 2 _aPrazmoski , Peter A.
_964810
910 _aValidado. Control de calidad. MFF
942 _2ddc
_cLBS1
999 _c37954
_d37954